Homonymes parfaits - Statistiques

Statistiques générales
  • Ce quiz a été pris 1 193 fois
  • Le résultat moyen est 16 sur 20
Statistiques - réponses
Indices #1 Homonymes Indices #2 % Correct
Pointe d'un crayon Mine Lieu souterrain où l'on peut trouver du charbon ou du diamant
96%
Fleur à épine que beaucoup d'hommes offre à leur valentine Rose Couleur du cochon
96%
Vous en gagnez en répondant aux quiz étoilés Point On le met à la fin d'une phrase
95%
Le mexique est le principal consommateur et exportateur de ce fruit Avocat Vous aurez besoin de lui pour vous défendre devant le juge
92%
Un magicien en fait beaucoup Tour Raiponce a été enfermée dans l'une d'elle
91%
Tissu permettant à certains bateaux d'avancer Voile La mariée peut en porter un sur sa tête
90%
Là où on joue au tennis Court Ce n'est pas long
86%
Mollusque servi généralement en plat avec des frites Moule Ustensile de cuisine qui peut donner une certaine forme à une préparation
86%
Jeune garçon noble placé auprès d'un seigneur Page Dans un livre, on la tourne quand on a finit de la lire
84%
Appareil de chauffage Poêle Ustensile de cuisine pour cuire un steak
80%
Unité militaire généralement composées de 10 000 à 30 000 soldats Division Opération mathématique dont le résultat est le quotient
78%
En couture, représentation d'un vêtement avant sa fabrication Patron Chef de l'entreprise
78%
Élément chimique présent dans les thermomètres Mercure Plus petite planète du système solaire
77%
Là où le cavalier met son pied quand il monte à cheval Étrier Os interne de l'oreille
72%
Adjectif possessif Son Bruit émis par quelque chose
71%
Os présent dans la cage thoracique Côte Terre adjacente à une mer ou un océan
69%
Ensemble de 500 feuilles de papier Rame On l'utilise en aviron pour se propulser
61%
On dit qu'elle pousse toujours au nord sur les arbres Mousse Jeune marin
56%
Mélange de bière et de grenadine Tango Danse argentine
55%
On en fait souvent à l'école avant de rentrer en classe Rang Position occupée dans une hiérarchie
43%
Aucun quiz correspondant
Distribution des résultats
% des personnes avec chaque résultat
Percentile par nombre de réponses
Votre historique - résultats
Vous n’avez pas pris ce quiz